[Event "Chessable Masters - Torneo preliminare"]
[White "Talibov, Shiroghlan"]
[Black "Esipenko, Andrey"]
[WhiteFideId "13429078"]
[BlackFideId "24175439"]
[WhiteElo "2247"]
[BlackElo "2682"]
[Result "1/2-1/2"]
[Round "2"]
[TimeControl "600+2"]
[Date "2023.03.13"]
[WhiteClock "0:00:22"]
[BlackClock "0:00:11"]

1. e4 {[%clk 0:10:01]}  e5 {[%clk 0:09:59]} 2. Nf3 {[%clk 0:09:59]}  Nc6 {[%clk 0:10:01]} 3. Bc4 {[%clk 0:09:57]}  Nf6 {[%clk 0:10:01]} 4. d3 {[%clk 0:09:57]}  Bc5 {[%clk 0:10:02]} 5. O-O {[%clk 0:09:54]}  O-O {[%clk 0:10:02]} 6. c3 {[%clk 0:09:56]}  d6 {[%clk 0:10:02]} 7. Nbd2 {[%clk 0:09:45]}  a5 {[%clk 0:10:01]} 8. Re1 {[%clk 0:09:41]}  h6 {[%clk 0:09:49]} 9. Nf1 {[%clk 0:09:35]}  Be6 {[%clk 0:09:48]} 10. Bb5 {[%clk 0:09:34]}  Ba7 {[%clk 0:09:48]} 11. Be3 {[%clk 0:09:27]}  Bxe3 {[%clk 0:09:43]} 12. Nxe3 {[%clk 0:09:26]}  Ne7 {[%clk 0:09:45]} 13. Ba4 {[%clk 0:09:17]}  Ng6 {[%clk 0:09:44]} 14. Bc2 {[%clk 0:09:07]}  c6 {[%clk 0:09:39]} 15. d4 {[%clk 0:09:07]}  b5 {[%clk 0:09:23]} 16. a3 {[%clk 0:09:07]}  Qc7 {[%clk 0:09:21]} 17. b4 {[%clk 0:08:37]}  Rfe8 {[%clk 0:09:12]} 18. Qd2 {[%clk 0:08:26]}  axb4 {[%clk 0:08:27]} 19. axb4 {[%clk 0:08:28]}  Qb7 {[%clk 0:08:23]} 20. Nf5 {[%clk 0:08:19]}  Rxa1 {[%clk 0:08:05]} 21. Rxa1 {[%clk 0:08:17]}  Bxf5 {[%clk 0:08:04]} 22. exf5 {[%clk 0:08:19]}  Nf4 {[%clk 0:08:05]} 23. Re1 {[%clk 0:07:51]}  Qc7 {[%clk 0:08:02]} 24. g3 {[%clk 0:07:34]}  N4d5 {[%clk 0:08:01]} 25. dxe5 {[%clk 0:06:51]}  dxe5 {[%clk 0:08:00]} 26. Bb3 {[%clk 0:06:34]}  e4 {[%clk 0:07:25]} 27. Nd4 {[%clk 0:06:33]}  Re5 {[%clk 0:07:11]} 28. c4 {[%clk 0:06:11]}  bxc4 {[%clk 0:06:01]} 29. Bxc4 {[%clk 0:06:13]}  Qd6 {[%clk 0:05:28]} 30. Nc2 {[%clk 0:05:00]}  Qe7 {[%clk 0:05:27]} 31. Bxd5 {[%clk 0:04:13]}  Rxd5 {[%clk 0:04:33]} 32. Qc3 {[%clk 0:04:10]}  Qd6 {[%clk 0:04:11]} 33. Ne3 {[%clk 0:03:13]}  Rd3 {[%clk 0:04:08]} 34. Qc4 {[%clk 0:03:07]}  Rd4 {[%clk 0:02:58]} 35. Qc5 {[%clk 0:02:54]}  Qxc5 {[%clk 0:02:47]} 36. bxc5 {[%clk 0:02:56]}  Nd7 {[%clk 0:02:49]} 37. Ra1 {[%clk 0:02:43]}  Nxc5 {[%clk 0:02:49]} 38. Rc1 {[%clk 0:02:38]}  Nd3 {[%clk 0:02:22]} 39. Rxc6 {[%clk 0:02:37]}  Ra4 {[%clk 0:02:23]} 40. Rc2 {[%clk 0:01:35]}  Ra1+ {[%clk 0:02:17]} 41. Nf1 {[%clk 0:01:36]}  Kf8 {[%clk 0:01:45]} 42. Re2 {[%clk 0:01:31]}  Ra4 {[%clk 0:01:08]} 43. Kg2 {[%clk 0:01:20]}  Ke7 {[%clk 0:00:56]} 44. Nd2 {[%clk 0:01:16]}  Ra2 {[%clk 0:00:56]} 45. Kf1 {[%clk 0:01:06]}  Nc5 {[%clk 0:00:53]} 46. f3 {[%clk 0:00:57]}  e3 {[%clk 0:00:51]} 47. Nc4 {[%clk 0:00:42]}  Rxe2 {[%clk 0:00:24]} 48. Kxe2 {[%clk 0:00:44]}  Kf6 {[%clk 0:00:25]} 49. Nxe3 {[%clk 0:00:45]}  Ke5 {[%clk 0:00:24]} 50. Kd2 {[%clk 0:00:41]}  h5 {[%clk 0:00:20]} 51. Ke2 {[%clk 0:00:40]}  Nb7 {[%clk 0:00:20]} 52. Kd3 {[%clk 0:00:34]}  Nd6 {[%clk 0:00:21]} 53. f4+ {[%clk 0:00:12]}  Kf6 {[%clk 0:00:21]} 54. h3 {[%clk 0:00:13]}  Nxf5 {[%clk 0:00:21]} 55. Nxf5 {[%clk 0:00:15]}  Kxf5 {[%clk 0:00:22]} 56. Ke3 {[%clk 0:00:17]}  g5 {[%clk 0:00:13]} 57. fxg5 {[%clk 0:00:16]}  Kxg5 {[%clk 0:00:15]} 58. Kf3 {[%clk 0:00:14]}  h4 {[%clk 0:00:11]} 59. gxh4+ {[%clk 0:00:15]}  Kxh4 {[%clk 0:00:12]} 60. Kf4 {[%clk 0:00:16]}  Kxh3 {[%clk 0:00:12]} 61. Kf5 {[%clk 0:00:18]}  Kg3 {[%clk 0:00:12]} 62. Kf6 {[%clk 0:00:20]}  Kg4 {[%clk 0:00:11]} 63. Kxf7 {[%clk 0:00:22]} 1/2-1/2


[Site "Internet"]

[Event "Chessable Masters - Torneo preliminare"]
[White "Lobanov, Sergei"]
[Black "Grischuk, Alexander"]
[WhiteFideId "24183750"]
[BlackFideId "4126025"]
[WhiteElo "2436"]
[BlackElo "2731"]
[Result "1/2-1/2"]
[Round "2"]
[TimeControl "600+2"]
[Date "2023.03.13"]
[WhiteClock "0:00:22"]
[BlackClock "0:00:22"]

1. d4 {[%clk 0:09:53]}  Nf6 {[%clk 0:08:35]} 2. c4 {[%clk 0:09:53]}  e6 {[%clk 0:08:34]} 3. Nc3 {[%clk 0:09:54]}  Bb4 {[%clk 0:08:35]} 4. e3 {[%clk 0:09:55]}  O-O {[%clk 0:08:35]} 5. Bd3 {[%clk 0:09:56]}  d5 {[%clk 0:08:36]} 6. a3 {[%clk 0:09:54]}  Bxc3+ {[%clk 0:08:37]} 7. bxc3 {[%clk 0:09:56]}  dxc4 {[%clk 0:08:38]} 8. Bxc4 {[%clk 0:09:58]}  c5 {[%clk 0:08:39]} 9. Ne2 {[%clk 0:09:56]}  Qc7 {[%clk 0:08:40]} 10. Bd3 {[%clk 0:09:56]}  Nc6 {[%clk 0:08:40]} 11. O-O {[%clk 0:09:40]}  e5 {[%clk 0:08:40]} 12. Ng3 {[%clk 0:09:34]}  Be6 {[%clk 0:08:37]} 13. f4 {[%clk 0:09:30]}  exd4 {[%clk 0:08:38]} 14. cxd4 {[%clk 0:09:30]}  Rad8 {[%clk 0:08:39]} 15. Rb1 {[%clk 0:09:28]}  Rfe8 {[%clk 0:08:06]} 16. Nh5 {[%clk 0:09:29]}  Nxh5 {[%clk 0:07:10]} 17. Qxh5 {[%clk 0:09:28]}  f5 {[%clk 0:07:12]} 18. dxc5 {[%clk 0:09:27]}  Bf7 {[%clk 0:06:35]} 19. Qe2 {[%clk 0:09:21]}  Qd7 {[%clk 0:06:34]} 20. Bc4 {[%clk 0:08:58]}  Nd4 {[%clk 0:05:01]} 21. Qa2 {[%clk 0:08:10]}  Ne6 {[%clk 0:05:01]} 22. Qc2 {[%clk 0:07:04]}  Qe7 {[%clk 0:03:36]} 23. Qxf5 {[%clk 0:06:11]}  Rc8 {[%clk 0:03:36]} 24. Qh3 {[%clk 0:03:38]}  Nxc5 {[%clk 0:03:27]} 25. Bxf7+ {[%clk 0:03:18]}  Qxf7 {[%clk 0:03:29]} 26. Bb2 {[%clk 0:03:18]}  Ne4 {[%clk 0:03:06]} 27. Rbd1 {[%clk 0:02:53]}  Rcd8 {[%clk 0:03:00]} 28. Bd4 {[%clk 0:02:36]}  b5 {[%clk 0:02:56]} 29. f5 {[%clk 0:02:35]}  a5 {[%clk 0:02:44]} 30. Qg4 {[%clk 0:02:00]}  h5 {[%clk 0:01:33]} 31. Qh4 {[%clk 0:01:30]}  Rd5 {[%clk 0:01:29]} 32. Rf4 {[%clk 0:01:09]}  Nd6 {[%clk 0:01:24]} 33. Rdf1 {[%clk 0:01:03]}  b4 {[%clk 0:01:04]} 34. axb4 {[%clk 0:01:03]}  axb4 {[%clk 0:01:06]} 35. Qe1 {[%clk 0:00:52]}  Rxf5 {[%clk 0:00:22]} 36. Qxb4 {[%clk 0:00:44]}  Rxf4 {[%clk 0:00:23]} 37. Rxf4 {[%clk 0:00:46]}  Qg6 {[%clk 0:00:19]} 38. h3 {[%clk 0:00:39]}  Kh7 {[%clk 0:00:17]} 39. Qb3 {[%clk 0:00:34]}  Nf5 {[%clk 0:00:07]} 40. Qd3 {[%clk 0:00:29]}  Nxd4 {[%clk 0:00:08]} 41. Qxd4 {[%clk 0:00:28]}  Qe6 {[%clk 0:00:05]} 42. Rf3 {[%clk 0:00:21]}  Qe5 {[%clk 0:00:05]} 43. Qd3+ {[%clk 0:00:21]}  Qe4 {[%clk 0:00:07]} 44. Qd7 {[%clk 0:00:20]}  Qe6 {[%clk 0:00:07]} 45. Qd4 {[%clk 0:00:20]}  Qe4 {[%clk 0:00:06]} 46. Qc5 {[%clk 0:00:21]}  Qe5 {[%clk 0:00:06]} 47. Qc2+ {[%clk 0:00:20]}  Qe4 {[%clk 0:00:07]} 48. Qf2 {[%clk 0:00:21]}  Re5 {[%clk 0:00:05]} 49. Qg3 {[%clk 0:00:21]}  h4 {[%clk 0:00:04]} 50. Qf2 {[%clk 0:00:22]}  Qb1+ {[%clk 0:00:02]} 51. Kh2 {[%clk 0:00:23]}  Qe4 {[%clk 0:00:03]} 52. Rf4 {[%clk 0:00:16]}  Qxe3 {[%clk 0:00:05]} 53. Qxh4+ {[%clk 0:00:17]}  Kg8 {[%clk 0:00:06]} 54. Qd8+ {[%clk 0:00:17]}  Re8 {[%clk 0:00:07]} 55. Qd5+ {[%clk 0:00:18]}  Qe6 {[%clk 0:00:08]} 56. Qg5 {[%clk 0:00:20]}  Qe5 {[%clk 0:00:09]} 57. Qg3 {[%clk 0:00:21]}  Re6 {[%clk 0:00:07]} 58. h4 {[%clk 0:00:21]}  Rf6 {[%clk 0:00:07]} 59. Rxf6 {[%clk 0:00:20]}  Qxf6 {[%clk 0:00:09]} 60. Qb8+ {[%clk 0:00:20]}  Kh7 {[%clk 0:00:10]} 61. Qg3 {[%clk 0:00:21]}  Kh8 {[%clk 0:00:11]} 62. Qg4 {[%clk 0:00:22]}  Qe5+ {[%clk 0:00:12]} 63. Qg3 {[%clk 0:00:23]}  Qf6 {[%clk 0:00:13]} 64. Kh3 {[%clk 0:00:24]}  Qf5+ {[%clk 0:00:13]} 65. Qg4 {[%clk 0:00:26]}  Qd3+ {[%clk 0:00:14]} 66. Qf3 {[%clk 0:00:26]}  Qd7+ {[%clk 0:00:15]} 67. g4 {[%clk 0:00:26]}  Qd6 {[%clk 0:00:13]} 68. h5 {[%clk 0:00:27]}  Qe7 {[%clk 0:00:10]} 69. Qf4 {[%clk 0:00:24]}  Qd8 {[%clk 0:00:07]} 70. g5 {[%clk 0:00:23]}  Qc8+ {[%clk 0:00:05]} 71. Kh4 {[%clk 0:00:24]}  Qd8 {[%clk 0:00:06]} 72. Qe5 {[%clk 0:00:24]}  Kg8 {[%clk 0:00:05]} 73. Qe6+ {[%clk 0:00:25]}  Kh8 {[%clk 0:00:06]} 74. Qe5 {[%clk 0:00:26]}  Kg8 {[%clk 0:00:07]} 75. Kg4 {[%clk 0:00:27]}  Qd7+ {[%clk 0:00:07]} 76. Kf4 {[%clk 0:00:26]}  Qf7+ {[%clk 0:00:08]} 77. Kg4 {[%clk 0:00:27]}  Qd7+ {[%clk 0:00:09]} 78. Qf5 {[%clk 0:00:27]}  Qd4+ {[%clk 0:00:09]} 79. Qf4 {[%clk 0:00:22]}  Qd1+ {[%clk 0:00:08]} 80. Qf3 {[%clk 0:00:19]}  Qd7+ {[%clk 0:00:08]} 81. Kh4 {[%clk 0:00:20]}  Qd4+ {[%clk 0:00:09]} 82. Kh3 {[%clk 0:00:20]}  Qd7+ {[%clk 0:00:10]} 83. Kh2 {[%clk 0:00:17]}  Qd2+ {[%clk 0:00:09]} 84. Qg2 {[%clk 0:00:19]}  Qf4+ {[%clk 0:00:09]} 85. Kh3 {[%clk 0:00:20]}  Qf5+ {[%clk 0:00:10]} 86. Kh4 {[%clk 0:00:19]}  Qf4+ {[%clk 0:00:11]} 87. Kh3 {[%clk 0:00:19]}  Qf5+ {[%clk 0:00:12]} 88. Qg4 {[%clk 0:00:19]}  Qf1+ {[%clk 0:00:14]} 89. Kh2 {[%clk 0:00:21]}  Qf2+ {[%clk 0:00:15]} 90. Kh3 {[%clk 0:00:18]}  Qf1+ {[%clk 0:00:16]} 91. Kg3 {[%clk 0:00:18]}  Qg1+ {[%clk 0:00:17]} 92. Kh3 {[%clk 0:00:17]}  Qh1+ {[%clk 0:00:18]} 93. Kg3 {[%clk 0:00:19]}  Qg1+ {[%clk 0:00:20]} 94. Kh3 {[%clk 0:00:20]}  Qh1+ {[%clk 0:00:21]} 95. Kg3 {[%clk 0:00:22]}  Qg1+ {[%clk 0:00:22]} 1/2-1/2


[Site "Internet"]

[Event "Chessable Masters - Torneo preliminare"]
[White "Smirnov, Pavel"]
[Black "Maghsoodloo, Parham"]
[WhiteFideId "4123425"]
[BlackFideId "12539929"]
[WhiteElo "2470"]
[BlackElo "2660"]
[Result "1-0"]
[Round "2"]
[TimeControl "600+2"]
[Date "2023.03.13"]
[WhiteClock "0:00:31"]
[BlackClock "0:01:03"]

1. d4 {[%clk 0:08:05]}  Nf6 {[%clk 0:09:59]} 2. c4 {[%clk 0:08:05]}  e6 {[%clk 0:10:00]} 3. g3 {[%clk 0:08:06]}  d5 {[%clk 0:10:00]} 4. Nf3 {[%clk 0:08:06]}  Bb4+ {[%clk 0:09:55]} 5. Bd2 {[%clk 0:08:06]}  a5 {[%clk 0:09:51]} 6. Bg2 {[%clk 0:08:06]}  O-O {[%clk 0:09:52]} 7. Qc2 {[%clk 0:07:59]}  Nbd7 {[%clk 0:09:52]} 8. O-O {[%clk 0:07:59]}  c6 {[%clk 0:09:45]} 9. Rd1 {[%clk 0:07:48]}  Be7 {[%clk 0:09:37]} 10. Bf4 {[%clk 0:07:38]}  b6 {[%clk 0:09:07]} 11. Nbd2 {[%clk 0:07:36]}  Ba6 {[%clk 0:09:00]} 12. b3 {[%clk 0:07:34]}  Rc8 {[%clk 0:08:30]} 13. e4 {[%clk 0:07:34]}  c5 {[%clk 0:08:31]} 14. exd5 {[%clk 0:07:30]}  exd5 {[%clk 0:08:32]} 15. Rac1 {[%clk 0:07:31]}  cxd4 {[%clk 0:08:26]} 16. Nxd4 {[%clk 0:07:30]}  Ba3 {[%clk 0:08:27]} 17. Rb1 {[%clk 0:07:25]}  b5 {[%clk 0:08:13]} 18. Qf5 {[%clk 0:07:09]}  bxc4 {[%clk 0:08:14]} 19. bxc4 {[%clk 0:07:06]}  Bxc4 {[%clk 0:07:33]} 20. Nxc4 {[%clk 0:07:05]}  Rxc4 {[%clk 0:07:33]} 21. Bxd5 {[%clk 0:06:42]}  Nxd5 {[%clk 0:05:31]} 22. Qxd5 {[%clk 0:06:36]}  Qc8 {[%clk 0:05:14]} 23. Nb5 {[%clk 0:06:13]}  Nf6 {[%clk 0:05:12]} 24. Qf3 {[%clk 0:05:10]}  Bc5 {[%clk 0:04:52]} 25. Nd6 {[%clk 0:04:54]}  Bxd6 {[%clk 0:04:49]} 26. Bxd6 {[%clk 0:04:55]}  Re8 {[%clk 0:04:50]} 27. Rb8 {[%clk 0:04:48]}  Qe6 {[%clk 0:04:51]} 28. Rxe8+ {[%clk 0:02:51]}  Qxe8 {[%clk 0:04:51]} 29. Qf5 {[%clk 0:02:18]}  a4 {[%clk 0:04:29]} 30. Rb1 {[%clk 0:02:16]}  Rc8 {[%clk 0:04:15]} 31. Be5 {[%clk 0:02:11]}  Nd7 {[%clk 0:04:09]} 32. Bd4 {[%clk 0:02:05]}  Nf8 {[%clk 0:04:08]} 33. Qg4 {[%clk 0:01:55]}  Ne6 {[%clk 0:03:54]} 34. Re1 {[%clk 0:01:55]}  Qf8 {[%clk 0:03:55]} 35. Be5 {[%clk 0:01:48]}  a3 {[%clk 0:03:49]} 36. Qe4 {[%clk 0:01:43]}  h6 {[%clk 0:03:48]} 37. h4 {[%clk 0:01:18]}  Qd8 {[%clk 0:03:37]} 38. Kg2 {[%clk 0:01:12]}  Rc5 {[%clk 0:03:31]} 39. Re3 {[%clk 0:01:08]}  Ra5 {[%clk 0:03:02]} 40. Qf3 {[%clk 0:00:55]}  Ra4 {[%clk 0:02:50]} 41. Kh2 {[%clk 0:00:46]}  Qd2 {[%clk 0:02:36]} 42. Re2 {[%clk 0:00:47]}  Qd1 {[%clk 0:02:34]} 43. Re3 {[%clk 0:00:47]}  Qc2 {[%clk 0:02:04]} 44. Re2 {[%clk 0:00:45]}  Qc4 {[%clk 0:02:05]} 45. Rd2 {[%clk 0:00:42]}  Ra5 {[%clk 0:02:02]} 46. Bd6 {[%clk 0:00:32]}  Nd4 {[%clk 0:01:58]} 47. Qe4 {[%clk 0:00:29]}  Rd5 {[%clk 0:01:58]} 48. Bf4 {[%clk 0:00:24]}  f5 {[%clk 0:01:59]} 49. Qe3 {[%clk 0:00:17]}  Rd8 {[%clk 0:01:42]} 50. Qxa3 {[%clk 0:00:16]}  Qc6 {[%clk 0:01:43]} 51. Rd3 {[%clk 0:00:16]}  Kh7 {[%clk 0:01:31]} 52. Be5 {[%clk 0:00:16]}  Qc2 {[%clk 0:01:20]} 53. Bxd4 {[%clk 0:00:16]}  Rxd4 {[%clk 0:01:22]} 54. Rxd4 {[%clk 0:00:17]}  Qxf2+ {[%clk 0:01:23]} 55. Kh3 {[%clk 0:00:18]}  Qf1+ {[%clk 0:01:25]} 56. Kh2 {[%clk 0:00:18]}  Qf2+ {[%clk 0:01:26]} 57. Kh3 {[%clk 0:00:19]}  Qxd4 {[%clk 0:01:26]} 58. Qf3 {[%clk 0:00:19]}  Kg6 {[%clk 0:01:20]} 59. Qc6+ {[%clk 0:00:19]}  Kh7 {[%clk 0:01:21]} 60. Qf3 {[%clk 0:00:20]}  Qc5 {[%clk 0:01:14]} 61. a4 {[%clk 0:00:20]}  Kg6 {[%clk 0:01:14]} 62. g4 {[%clk 0:00:17]}  fxg4+ {[%clk 0:01:06]} 63. Qxg4+ {[%clk 0:00:19]}  Kf6 {[%clk 0:01:08]} 64. Qf4+ {[%clk 0:00:20]}  Ke6 {[%clk 0:01:08]} 65. Qe4+ {[%clk 0:00:20]}  Kd6 {[%clk 0:01:07]} 66. Qg6+ {[%clk 0:00:20]}  Kd5 {[%clk 0:00:50]} 67. Qf5+ {[%clk 0:00:21]}  Kc4 {[%clk 0:00:52]} 68. Qxc5+ {[%clk 0:00:21]}  Kxc5 {[%clk 0:00:53]} 69. h5 {[%clk 0:00:22]}  Kb4 {[%clk 0:00:55]} 70. Kg4 {[%clk 0:00:24]}  Kxa4 {[%clk 0:00:56]} 71. Kf5 {[%clk 0:00:25]}  Kb5 {[%clk 0:00:58]} 72. Kg6 {[%clk 0:00:27]}  Kc6 {[%clk 0:01:00]} 73. Kxg7 {[%clk 0:00:28]}  Kd7 {[%clk 0:01:02]} 74. Kxh6 {[%clk 0:00:30]}  Ke7 {[%clk 0:01:03]} 75. Kg7 {[%clk 0:00:31]} 1-0


[Site "Internet"]

[Event "Chessable Masters - Torneo preliminare"]
[White "Predke, Alexandr"]
[Black "Harikrishna, Pentala"]
[WhiteFideId "24107581"]
[BlackFideId "5007003"]
[WhiteElo "2582"]
[BlackElo "2627"]
[Result "1/2-1/2"]
[Round "2"]
[TimeControl "600+2"]
[Date "2023.03.13"]
[WhiteClock "0:05:55"]
[BlackClock "0:04:44"]

1. e4 {[%clk 0:10:01]}  c5 {[%clk 0:10:00]} 2. Nf3 {[%clk 0:10:02]}  e6 {[%clk 0:10:01]} 3. d4 {[%clk 0:09:56]}  cxd4 {[%clk 0:10:03]} 4. Nxd4 {[%clk 0:09:58]}  Nc6 {[%clk 0:10:04]} 5. Nc3 {[%clk 0:09:55]}  Qc7 {[%clk 0:10:05]} 6. Be2 {[%clk 0:09:29]}  Nf6 {[%clk 0:10:04]} 7. Ndb5 {[%clk 0:09:29]}  Qb8 {[%clk 0:10:04]} 8. f4 {[%clk 0:09:29]}  a6 {[%clk 0:09:29]} 9. e5 {[%clk 0:09:29]}  axb5 {[%clk 0:08:51]} 10. exf6 {[%clk 0:09:31]}  b4 {[%clk 0:08:13]} 11. fxg7 {[%clk 0:09:28]}  Bxg7 {[%clk 0:08:13]} 12. Nb5 {[%clk 0:09:29]}  d5 {[%clk 0:08:04]} 13. O-O {[%clk 0:09:28]}  Bd7 {[%clk 0:07:56]} 14. f5 {[%clk 0:08:51]}  Be5 {[%clk 0:07:23]} 15. Bh5 {[%clk 0:08:48]}  exf5 {[%clk 0:06:17]} 16. Qxd5 {[%clk 0:08:29]}  Bxh2+ {[%clk 0:05:07]} 17. Kh1 {[%clk 0:08:27]}  Qe5 {[%clk 0:05:01]} 18. Qxf7+ {[%clk 0:07:21]}  Kd8 {[%clk 0:05:01]} 19. Rd1 {[%clk 0:07:11]}  Nb8 {[%clk 0:04:37]} 20. Rd5 {[%clk 0:05:58]}  Qe1+ {[%clk 0:04:37]} 21. Kxh2 {[%clk 0:05:55]}  Qh4+ {[%clk 0:04:39]} 22. Kg1 {[%clk 0:05:52]}  Qe1+ {[%clk 0:04:41]} 23. Kh2 {[%clk 0:05:53]}  Qh4+ {[%clk 0:04:43]} 24. Kg1 {[%clk 0:05:54]}  Qe1+ {[%clk 0:04:44]} 25. Kh2 {[%clk 0:05:55]} 1/2-1/2


[Site "Internet"]

[Event "Chessable Masters - Torneo preliminare"]
[White "Weetik, Vjacheslav"]
[Black "Raja, Harshit"]
[WhiteFideId "4153472"]
[BlackFideId "5089000"]
[WhiteElo "2445"]
[BlackElo "2361"]
[Result "0-1"]
[Round "2"]
[TimeControl "600+2"]
[Date "2023.03.13"]
[WhiteClock "0:00:07"]
[BlackClock "0:00:31"]

1. d4 {[%clk 0:09:58]}  Nf6 {[%clk 0:10:01]} 2. c4 {[%clk 0:09:58]}  e6 {[%clk 0:10:02]} 3. g3 {[%clk 0:09:56]}  d5 {[%clk 0:10:03]} 4. Nf3 {[%clk 0:09:48]}  Be7 {[%clk 0:10:03]} 5. Bg2 {[%clk 0:09:49]}  O-O {[%clk 0:10:04]} 6. O-O {[%clk 0:09:50]}  dxc4 {[%clk 0:10:06]} 7. Qc2 {[%clk 0:09:51]}  b6 {[%clk 0:10:07]} 8. Nbd2 {[%clk 0:09:38]}  Bb7 {[%clk 0:10:03]} 9. Nxc4 {[%clk 0:09:29]}  Be4 {[%clk 0:10:03]} 10. Qd1 {[%clk 0:09:16]}  Nbd7 {[%clk 0:10:03]} 11. b3 {[%clk 0:08:57]}  c5 {[%clk 0:09:23]} 12. Bb2 {[%clk 0:08:44]}  Rc8 {[%clk 0:09:18]} 13. Rc1 {[%clk 0:08:23]}  cxd4 {[%clk 0:09:17]} 14. Qxd4 {[%clk 0:07:57]}  Bc5 {[%clk 0:08:54]} 15. Qd2 {[%clk 0:07:51]}  Qe7 {[%clk 0:08:53]} 16. Rfd1 {[%clk 0:06:49]}  Nd5 {[%clk 0:07:33]} 17. Qg5 {[%clk 0:06:29]}  N7f6 {[%clk 0:05:31]} 18. Nfe5 {[%clk 0:04:50]}  Bxg2 {[%clk 0:05:14]} 19. Kxg2 {[%clk 0:04:49]}  b5 {[%clk 0:04:19]} 20. Nd7 {[%clk 0:03:59]}  h6 {[%clk 0:03:24]} 21. Bxf6 {[%clk 0:03:15]}  Nxf6 {[%clk 0:03:18]} 22. Nxf6+ {[%clk 0:03:00]}  Qxf6 {[%clk 0:03:07]} 23. Qxf6 {[%clk 0:03:00]}  gxf6 {[%clk 0:03:09]} 24. Nd6 {[%clk 0:02:12]}  Bxd6 {[%clk 0:03:05]} 25. Rxc8 {[%clk 0:02:12]}  Rxc8 {[%clk 0:03:07]} 26. Rxd6 {[%clk 0:02:14]}  Rc2 {[%clk 0:02:52]} 27. Ra6 {[%clk 0:02:12]}  Rxe2 {[%clk 0:02:51]} 28. Rxa7 {[%clk 0:02:11]}  f5 {[%clk 0:02:44]} 29. Kf3 {[%clk 0:02:03]}  Rc2 {[%clk 0:02:40]} 30. Ke3 {[%clk 0:02:00]}  Kg7 {[%clk 0:02:37]} 31. b4 {[%clk 0:01:15]}  Kf6 {[%clk 0:01:56]} 32. a3 {[%clk 0:01:14]}  Rc3+ {[%clk 0:01:40]} 33. Kd4 {[%clk 0:01:01]}  Rc2 {[%clk 0:01:29]} 34. f4 {[%clk 0:00:43]}  h5 {[%clk 0:01:14]} 35. h4 {[%clk 0:00:36]}  Rc4+ {[%clk 0:01:10]} 36. Kd3 {[%clk 0:00:37]}  Rc1 {[%clk 0:01:07]} 37. Kd4 {[%clk 0:00:23]}  Rc4+ {[%clk 0:01:00]} 38. Kd3 {[%clk 0:00:24]}  Rc1 {[%clk 0:01:01]} 39. Kd4 {[%clk 0:00:13]}  Rc2 {[%clk 0:00:50]} 40. Ra5 {[%clk 0:00:11]}  Rd2+ {[%clk 0:00:44]} 41. Kc5 {[%clk 0:00:11]}  Rd3 {[%clk 0:00:43]} 42. Kxb5 {[%clk 0:00:11]}  Rxg3 {[%clk 0:00:44]} 43. Kc4 {[%clk 0:00:07]}  Rf3 {[%clk 0:00:44]} 44. b5 {[%clk 0:00:09]}  Rxf4+ {[%clk 0:00:45]} 45. Kc5 {[%clk 0:00:10]}  Rf1 {[%clk 0:00:41]} 46. b6 {[%clk 0:00:11]}  Rc1+ {[%clk 0:00:42]} 47. Kd6 {[%clk 0:00:12]}  Rb1 {[%clk 0:00:42]} 48. Kc6 {[%clk 0:00:13]}  f4 {[%clk 0:00:43]} 49. b7 {[%clk 0:00:13]}  f3 {[%clk 0:00:44]} 50. Rb5 {[%clk 0:00:11]}  Rxb5 {[%clk 0:00:45]} 51. Kxb5 {[%clk 0:00:13]}  f2 {[%clk 0:00:46]} 52. b8=Q {[%clk 0:00:14]}  f1=Q+ {[%clk 0:00:48]} 53. Ka5 {[%clk 0:00:11]}  Qe1+ {[%clk 0:00:45]} 54. Qb4 {[%clk 0:00:08]}  Qe5+ {[%clk 0:00:44]} 55. Kb6 {[%clk 0:00:09]}  Qb8+ {[%clk 0:00:41]} 56. Kc6 {[%clk 0:00:08]}  Qc8+ {[%clk 0:00:38]} 57. Kb6 {[%clk 0:00:09]}  e5 {[%clk 0:00:36]} 58. a4 {[%clk 0:00:08]}  Qb8+ {[%clk 0:00:37]} 59. Kc5 {[%clk 0:00:09]}  Qxb4+ {[%clk 0:00:28]} 60. Kxb4 {[%clk 0:00:10]}  Ke6 {[%clk 0:00:29]} 61. Kc5 {[%clk 0:00:08]}  Kd7 {[%clk 0:00:29]} 62. Kd5 {[%clk 0:00:06]}  f6 {[%clk 0:00:30]} 63. a5 {[%clk 0:00:07]}  Kc7 {[%clk 0:00:31]} 0-1


[Site "Internet"]

[Event "Chessable Masters - Torneo preliminare"]
[White "Guseinov, Gadir"]
[Black "Van Foreest, Lucas"]
[WhiteFideId "13401378"]
[BlackFideId "1039792"]
[WhiteElo "2632"]
[BlackElo "2483"]
[Result "0-1"]
[Round "2"]
[TimeControl "600+2"]
[Date "2023.03.13"]
[WhiteClock "0:03:43"]
[BlackClock "0:08:05"]

1. e4 {[%clk 0:06:42]}  e5 {[%clk 0:09:59]} 2. Nf3 {[%clk 0:06:28]}  Nc6 {[%clk 0:09:59]} 3. d4 {[%clk 0:05:54]}  exd4 {[%clk 0:09:59]} 4. Bc4 {[%clk 0:05:54]}  Bb4+ {[%clk 0:09:28]} 5. c3 {[%clk 0:05:43]}  dxc3 {[%clk 0:09:30]} 6. O-O {[%clk 0:05:44]}  d6 {[%clk 0:09:28]} 7. Nxc3 {[%clk 0:05:35]}  Bxc3 {[%clk 0:09:20]} 8. bxc3 {[%clk 0:05:35]}  Nf6 {[%clk 0:09:21]} 9. Bg5 {[%clk 0:05:26]}  h6 {[%clk 0:09:22]} 10. Bh4 {[%clk 0:05:26]}  Bg4 {[%clk 0:09:16]} 11. h3 {[%clk 0:05:06]}  Bxf3 {[%clk 0:09:17]} 12. gxf3 {[%clk 0:05:00]}  g5 {[%clk 0:09:12]} 13. Bg3 {[%clk 0:05:01]}  O-O {[%clk 0:09:10]} 14. Rb1 {[%clk 0:04:54]}  Rb8 {[%clk 0:09:07]} 15. Re1 {[%clk 0:04:38]}  Nh5 {[%clk 0:09:07]} 16. Rb5 {[%clk 0:04:22]}  a6 {[%clk 0:08:33]} 17. Rd5 {[%clk 0:04:22]}  Qf6 {[%clk 0:08:21]} 18. Rf5 {[%clk 0:03:48]}  Qxc3 {[%clk 0:08:22]} 19. Bb3 {[%clk 0:03:42]}  Nxg3 {[%clk 0:08:10]} 20. fxg3 {[%clk 0:03:43]}  Nd4 {[%clk 0:08:05]} 0-1


[Site "Internet"]